(KPOP) Guess the idol/ group based on random songs in my playlist - Statistics

General Stats
  • This quiz has been taken 893 times
  • The average score is 67 of 84
Answer Stats
Hint Answer % Correct
Hwaa (G)I-dle
98%
Wife (G)I-dle
98%
Queencard (G)I-dle
98%
Hann (Alone in winter) (G)I-dle
98%
Senorita (G)I-dle
98%
Villain dies (G)I-dle
98%
Hann (Alone) (G)I-dle
98%
Nxde (G)I-dle
98%
Icy Itzy
98%
Born to be Itzy
98%
Wannabe Itzy
98%
Lalisa Lisa
98%
ETA Newjeans
98%
Newjeans Newjeans
98%
Ditto Newjeans
98%
Maniac Stray kids
98%
Gods menu Straykids
98%
LALALA Stray kids
98%
S-class Straykids
98%
Fever Enhypen
97%
Polaroid love Enhypen
97%
drunk-dazed Enhypen
97%
Sweet venom Enhypen
97%
Bite me Enhypen
97%
Eleven IVE
96%
All night IVE
96%
Kitsch IVE
96%
Sheesh Babymonster
95%
Batter up Babymonster
95%
Boy with luv BTS
95%
Love shot EXO
95%
Swan song Le sserafim
95%
Easy Le sserafim
95%
Blue flame Le sserafim
95%
Eve psyche and the Bluebeard's wife Le sserafim
95%
Smart Le sserafim
95%
Solo Jennie
94%
I cant stop me Twice
93%
Moonlight sunrise Twice
93%
Cupid Fifty fifty
91%
Magnetic ILLIT
91%
Russian roulette Red velvet
90%
Standing next to you Jungkook
89%
Flower Jisoo
88%
Love me like this Nmixx
88%
Sonar Nmixx
88%
Young dumb stupid Nmixx
88%
Cyberpunk Ateez
87%
Bouncy Ateez
87%
Really Blackpink
85%
The happiest girl Blackpink
85%
Crazy over you Blackpink
85%
Don't know what to do Blackpink
85%
Tally Blackpink
85%
Ready for love Blackpink
85%
Hard to love rose
84%
On the ground rose
84%
I am the best 2ne1
83%
Midas touch Kiss of life
81%
I love my body Hwasa
78%
Love on the floor NCT 127
77%
Punch NCT 127
77%
Happily ever after TXT
76%
Tell me Wonder girls
72%
Like crazy Jimin
70%
Smoothie NCT dream
61%
Never goodbye NCT dream
61%
Freak Yuqi
57%
Red rover Yuqi
57%
Mr. simple Super junior
56%
Cake Kard
51%
View Shinee
46%
In bloom Zb1
46%
To. X Taeyeon
45%
Weather Jeon soyeon
34%
IDLE song Jeon soyeon
34%
Beam beam Jeon soyeon
34%
BYOB Billie
29%
Cat & Mouse Blackswan
26%
All I wanna do Jay park
26%
Got my number Monsta X
23%
Child Mark
21%
Not sorry Lee Youngji
11%
Day & Night Youngji
8%
No matching quizzes found
Score Distribution
Percent of People with Each Score
Percentile by Number Answered
Your Score History
You have not taken this quiz